000 00840aam a2200301 i 4500
001 768714001
003 CO-MdFUSB
005 20250829104116.0
007 ta
008 250829t1925 -us |||| |||| 00| 0 eng d
040 _cCO-MdFUSB
041 0 _aeng
082 0 4 _223
_a244
_bH481r
100 1 _aHelms, Elmer Ellsworth (1863-)
_eautor
245 1 4 _aThe religion of the presidents
_c/ Elmer Ellsworth Helms
264 1 _bFirst Methodist Episcopal Church,
_aLos Angeles, CA., USA :
_c[1925]
264 4 _c©1925
300 _a79 páginas
336 _atexto
_btxt
_2rdacontent
337 _2rdamedia
_asin mediación
_bn
338 _2rdacarrier
_avolumen
_bnc
563 _aRústico
650 7 _aVida religiosa
_921
653 _aPresidentes de Estados Unidos
942 _cBK
945 _aJTF-925
999 _c35506
_d35506